Peeling back the mask : (Record no. 63)

MARC details
000 -LEADER
fixed length control field 01149cam a2200325 a 4500
001 - CONTROL NUMBER
control field 17390518
003 - CONTROL NUMBER IDENTIFIER
control field OSt
005 - DATE AND TIME OF LATEST TRANSACTION
control field 20230602103652.0
008 - FIXED-LENGTH DATA ELEMENTS--GENERAL INFORMATION
fixed length control field 120718s2012 xxka 000 0 eng
010 ## - LIBRARY OF CONGRESS CONTROL NUMBER
LC control number 2012311582
020 ## - INTERNATIONAL STANDARD BOOK NUMBER
International Standard Book Number 9781908531216
040 ## - CATALOGING SOURCE
Original cataloging agency DLC
Transcribing agency DLC
Modifying agency DLC
042 ## - AUTHENTICATION CODE
Authentication code lcode
-- pcc
043 ## - GEOGRAPHIC AREA CODE
Geographic area code f-ke---
082 ## - DEWEY DECIMAL CLASSIFICATION NUMBER
Classification number 920
Item number MIG
100 1# - MAIN ENTRY--PERSONAL NAME
Personal name Miguna, Miguna.
245 10 - TITLE STATEMENT
Title Peeling back the mask :
Remainder of title a quest for justice in Kenya /
Statement of responsibility, etc. Miguna Miguna.
260 ## - PUBLICATION, DISTRIBUTION, ETC. (IMPRINT)
Place of publication, distribution, etc. [London, United Kingdom] :
Name of publisher, distributor, etc. Gilgamesh Africa,
Date of publication, distribution, etc. 2012.
300 ## - PHYSICAL DESCRIPTION
Extent xxiii, 588 p. :
Other physical details col. ill. ;
Dimensions 24 cm.
600 10 - SUBJECT ADDED ENTRY--PERSONAL NAME
Personal name Odinga, Raila Amolo,
Dates associated with a name 1945-
600 10 - SUBJECT ADDED ENTRY--PERSONAL NAME
Personal name Miguna, Miguna.
610 20 - SUBJECT ADDED ENTRY--CORPORATE NAME
Corporate name or jurisdiction name as entry element Orange Democratic Movement (Kenya)
650 #0 - SUBJECT ADDED ENTRY--TOPICAL TERM
Topical term or geographic name as entry element Coalition governments
Geographic subdivision Kenya.
650 #0 - SUBJECT ADDED ENTRY--TOPICAL TERM
Topical term or geographic name as entry element Political corruption
Geographic subdivision Kenya.
651 #0 - SUBJECT ADDED ENTRY--GEOGRAPHIC NAME
Geographic name Kenya
General subdivision Politics and government
Chronological subdivision 21st century.
856 41 - ELECTRONIC LOCATION AND ACCESS
Materials specified Table of contents only
Uniform Resource Identifier <a href="http://www.loc.gov/catdir/toc/fy13pdf02/2012311582.html">http://www.loc.gov/catdir/toc/fy13pdf02/2012311582.html</a>
906 ## - LOCAL DATA ELEMENT F, LDF (RLIN)
a 7
b cbc
c origode
d 2
e ncip
f 20
g y-gencatlg
942 ## - ADDED ENTRY ELEMENTS (KOHA)
Source of classification or shelving scheme Dewey Decimal Classification
Koha item type Books
Holdings
Withdrawn status Lost status Source of classification or shelving scheme Damaged status Not for loan Home library Current library Date acquired Total Checkouts Full call number Barcode Date last seen Price effective from Koha item type
    Dewey Decimal Classification     Bunge Tower Library Bunge Tower Library 06/02/2023   920 MIG 10015806 06/02/2023 06/02/2023 Books
    Dewey Decimal Classification     Bunge Tower Library Bunge Tower Library 06/21/2023   920 MIG 100142935 06/21/2023 06/21/2023 Books
LIBRARY OPENING HOURS

When the Parliament is sitting: 8.00a.m - 7.00p.m or until the house adjourns
Mondays and Fridays and when the House is on Recess:  8.00a.m - 5.00p.m
Closed on Weekends and Public Holidays

Online Public Access Catalog (OPAC)
Website: http://www.parliament.go.ke
Bunge Library: https://libraryir.parliament.go.ke
Contact: library@parliament.go.ke | Tel no: (254-2)2221291 or 2848000 Ext 5043